| 000 | 00522nam a2200181Ia 4500 | ||
|---|---|---|---|
| 001 | 21317 | ||
| 005 | 20260306172910.0 | ||
| 008 | 260306t2014||||xx |||||||||||||| ||spa|| | ||
| 041 | _aESP | ||
| 082 |
_a344.526 _bG14 |
||
| 100 |
_aGálvez Villegas, Tomas Aladino _eAUT |
||
| 245 | 0 |
_aEl delito de lavado de activos: _bcriterios sustantivos y procesales. Análisis del decreto legislativo Nº 1106 |
|
| 260 | _c2014 | ||
| 300 |
_a783 páginas : _c25 cm. |
||
| 650 | _aGEN | ||
| 654 | _aCDE | ||
| 942 |
_cLIB _dJUS _fJUS _2ddc _n |
||
| 999 |
_c21317 _d21317 |
||